The planning system (Record no. 105208)
[ view plain ]
| 000 -LEADER | |
|---|---|
| fixed length control field | 01672cam a2200205 4500 |
| 001 - CONTROL NUMBER | |
| control field | ##L132665 |
| 008 - FIXED-LENGTH DATA ELEMENTS--GENERAL INFORMATION | |
| fixed length control field | 060227n2006 000 0 eng u |
| 020 ## - INTERNATIONAL STANDARD BOOK NUMBER | |
| International Standard Book Number | 1862405166 |
| 035 ## - SYSTEM CONTROL NUMBER | |
| System control number | (Sirsi) u132665 |
| 041 0# - LANGUAGE CODE | |
| Language code of text/sound track or separate title | eng |
| 050 04 - LIBRARY OF CONGRESS CALL NUMBER | |
| Classification number | 711.1 $2 18 |
| 110 1# - MAIN ENTRY--CORPORATE NAME | |
| Corporate name or jurisdiction name as entry element | United Kingdom |
| Subordinate unit | Audit Commission |
| 9 (RLIN) | 3863 |
| 245 04 - TITLE STATEMENT | |
| Title | The planning system |
| Remainder of title | matching expectations and capacity |
| 260 ## - PUBLICATION, DISTRIBUTION, ETC. | |
| Place of publication, distribution, etc. | London |
| Name of publisher, distributor, etc. | Audit Commission |
| Date of publication, distribution, etc. | 2006 |
| 520 ## - SUMMARY, ETC. | |
| Summary, etc. | This report aims to help English and Welsh councils and others involved in the planning system address the issue of capacity in planning departments, to assess current expectations of the planning system, to evaluate the extent to which government expectations have been communicated to stakeholders and to identify how councils can increase capacity. Finds that government objectives for the planning system are clear and consistent and have been well communicated to stakeholders although not all stakeholders agree with the agenda. Government focus on speed especially in relation to major planning applications is seen as having a negative effect on service quality in some councils. Concludes that although the shortage of experienced planners is affecting councils' ability to provide planning services, the private sector can provide comprehensive services under the direction of the planning authority. |
| 590 ## - LOCAL NOTE (RLIN) | |
| Local note | IKA280206 |
| 690 ## - LOCAL SUBJECT ADDED ENTRY--TOPICAL TERM (OCLC, RLIN) | |
| Topical term or geographic name as entry element | ENVIRONMENTAL AND LAND CONSULTANCY-PLANNING AND DEVELOPMENT-PLANNING REFORM |
| 856 40 - ELECTRONIC LOCATION AND ACCESS | |
| Uniform Resource Identifier | <a href="https://www.audit-commission.gov.uk/SiteCollectionDocuments/AuditCommissionReports/NationalStudies/PlanningSummary.pdf">https://www.audit-commission.gov.uk/SiteCollectionDocuments/AuditCommissionReports/NationalStudies/PlanningSummary.pdf</a> |
| Public note | View the item free of charge at www.audit-commission.gov.uk |
| 942 ## - ADDED ENTRY ELEMENTS (KOHA) | |
| Suppress in OPAC | 0 |
| Withdrawn status | Lost status | Source of classification or shelving scheme | Damaged status | Not for loan | Home library | Current library | Shelving location | Date acquired | Total Checkouts | Full call number | Barcode | Date last seen | Copy number | Price effective from | Koha item type |
|---|---|---|---|---|---|---|---|---|---|---|---|---|---|---|---|
| Dewey Decimal Classification | Virtual | Virtual | Online | 27/02/2006 | ONLINE PUBLICATION | 132665-2001 | 06/08/2019 | 1 | 06/08/2019 | Book |